000 00672nam a2200205 i 4500
001 171323
003 ES-MaACL
005 20250808062801.0
008 090511s1967 sp |||| | spa d
017 _aM 19141-1967
100 0 _aOrígenes.
_987255
245 1 0 _aContra Celso /
_cOrígenes ; introducción, versión y notas Daniel Ruiz Bueno.
260 _aMadrid :
_b[La Editorial Católica],
_c1967.
300 _a634 p., 1 h. ;
_c20 cm.
490 1 _aBiblioteca de autores cristianos ;
_v271
700 0 _aRuiz Bueno, Daniel.
_9100677
830 0 0 _aBiblioteca de autores cristianos
_v271
_9178679
852 _aES-MaACL
_jJ-266
_9R.46092
999 _c171323
_d171323